000
00248nam a2200097Ia 4500
082
_a
ZUL KF MWEL
245
0
_a
Ulundi noGugu
100
_a
MWELASE, Thembi Kapa, 2009
_9
86173
942
_c
BK
008
210817s9999 xx 000 0 und d
999
_c
408194
_d
408193